000 00551cam a2200193ua 4500
001 6643
008 140109n ii |||gr||||Z||||||eng
020 _a0-07-060490-8
040 _cMAIN
082 _a519.5
245 _aElements of statistics :
_bVol II /
_cBy Stephen Bernstein .
260 _aNew delhi:
_bTata McGraw-hill publishing company limited,
_c1999.
300 _axiii,444p.
653 _aCommerce
653 _aElements of statistics :
700 _aBernstein,Stephen,
_eAuthor.,
700 1 _aBernstein,Ruth,
_eAuthor.
942 _cBK
999 _c5792
_d5792